Vista normal Vista MARC

Entrada Personal Name

Número de registros utilizados en: 1

001 - CONTROL NUMBER

  • control field: 38607

003 - CONTROL NUMBER IDENTIFIER

  • control field: OSt

005 - DATE AND TIME OF LATEST TRANSACTION

  • control field: 20210721135521.0

008 - FIXED-LENGTH DATA ELEMENTS

  • fixed length control field: 210721|| aca||aabn | a|a d

040 ## - CATALOGING SOURCE

  • Original cataloging agency: OSt
  • Transcribing agency: OSt

100 ## - HEADING--PERSONAL NAME

  • Personal name: Caballero Argáez, Carlos Eduardo

670 ## - SOURCE DATA FOUND

  • Source citation: Work cat.: (OSt)11980: Simposio sobre Mercado de Capitales (11 : 1988 : Cali) 38604, Macroeconomía, mercado de capitales y negocio financiero /, 1989.